| 000 | 00608nam a2200229 a 4500 | ||
|---|---|---|---|
| 999 |
_c5479 _d5479 |
||
| 001 | 5479 | ||
| 003 | BD-JhCC | ||
| 005 | 20171218124625.0 | ||
| 008 | 171217s20142015bg a|||| || | 000 0 eng d | ||
| 035 | _a(BD-JhCC)5479 | ||
| 040 |
_aBD-JhCC _dBD-JhCC |
||
| 041 | _aeng | ||
| 082 |
_a515 _bAHM 2015 |
||
| 100 | _aAhmed, S. U. | ||
| 245 |
_aHghier Mathemarics Second Paper For XI-XII Class / _cS. U. Ahmed & M. A. Jabbar |
||
| 260 |
_aDhaka : _bAlpha Prokashani, _c2015. |
||
| 300 |
_a320 p. : _c24 cm. |
||
| 650 | _aMathematics Analysis | ||
| 700 | _aJabbar, M. A. | ||
| 942 |
_2ddc _cBK |
||